000 00357nam a2200145Ia 4500
008 230711s9999||||xx |||||||||||||| ||und||
041 _aENG
082 _a4
_bCO-F
100 _aConway,John B.
245 0 _aFunctions of one complex variable
250 _a1st Ed.
260 _c1990
_aNew Delhi
_bNarosa Publishing House
650 _aMathematics
942 _cBK
999 _c138
_d138